00737nam a22002537a 4500001000700000003000900007005001700016007000700033008004600040020001900086040002200105245005300127246002100180260005200201300002500253500003900278505002500317700002500342700002200367700003000389700002200419700002100441700002100462000065DO-SdBNP20180124135641.0000065160309b 1997 ilu a ||||| |||| 00| 0 spa d a9780669433302  aBNPHUbspacBNPHU00aDime! Dos /c Fabián A. Samaniego ... [et al.]10aHeath dime! dos. aEvanston, Illinois :bMcDougal Littell, c1997. av. :bil. ; c28 cm. aEn la portada. Heath dimé! dos. gPt.1. Dime! dos -- 12aSamaniego, Fabian A.12aBrown, M. Carol 12aCarlin, Patricia Hamilton12aGorman, Sidney E.12aBrown, Carol L. 12aSparks, Carol L.